书目信息 |
| 题名: |
废水处理与资源化新工艺
|
|
| 作者: | 赵庆良 , 刘雨 主编 | |
| 分册: | ||
| 出版信息: | 北京 中国建筑工业出版社 2006.08 |
|
| 页数: | 439页 | |
| 开本: | 29cm | |
| 丛书名: | ||
| 单 册: | ||
| 中图分类: | X703 | |
| 科图分类: | ||
| 主题词: | 废水处理--fei shui chu li , 废水综合--fei shui zong he | |
| 电子资源: | ||
| ISBN: | 7-112-08431-8 | |
| 000 | 01002nam0 2200253 450 | |
| 001 | 012006763593 | |
| 005 | 20061129152633.46 | |
| 010 | @a7-112-08431-8@dCNY80.00 (含光盘) | |
| 100 | @a20061110d2006 km y0chiy0120 ea | |
| 101 | 0 | @achi |
| 102 | @aCN@b110000 | |
| 105 | @aa z 000yy | |
| 200 | 1 | @a废水处理与资源化新工艺@Afei shui chu li yu zi yuan hua xin gong yi@f赵庆良, 刘雨主编@Fzhao qing liang,liu yu zhu bian |
| 210 | @a北京@c中国建筑工业出版社@d2006.08 | |
| 215 | @a439页@c图@d29cm@e光盘1片 | |
| 307 | @a光盘 ISBN : 7-900189-48-3 | |
| 330 | @a本书着重阐述近年来国内外研究开发或应用的新型废水处理与资源化工艺技术,内容包括:废水中有机污染物的好氧生物处理和厌氧生物处理新工艺;废水中氮和磷等营养物质的去除与资源化;低耗节能的废水人工湿地处理系统等。 | |
| 606 | 0 | @a废水处理@Afei shui chu li |
| 606 | 0 | @a废水综合@Afei shui zong he |
| 690 | @aX703@v4 | |
| 701 | 0 | @a赵庆良@Azhao qing liang@4主编 |
| 701 | 0 | @a刘雨@Aliu yu@4主编 |
| 801 | 0 | @aCN@c20061129 |
| 905 | @apdsgxy@dX703@eZ313 | |
| 废水处理与资源化新工艺/赵庆良, 刘雨主编.-北京:中国建筑工业出版社,2006.08 |
| 439页:图;29cm+光盘1片 |
| ISBN 7-112-08431-8:CNY80.00 (含光盘) |
| 本书着重阐述近年来国内外研究开发或应用的新型废水处理与资源化工艺技术,内容包括:废水中有机污染物的好氧生物处理和厌氧生物处理新工艺;废水中氮和磷等营养物质的去除与资源化;低耗节能的废水人工湿地处理系统等。 |
| ● |
| 相关链接 |
|
|
|
正题名:废水处理与资源化新工艺
索取号:X703/Z313
 
预约/预借
| 序号 | 登录号 | 条形码 | 馆藏地/架位号 | 状态 | 备注 |
| 1 | 227198 | 202271987 | 自科库501/501自科库 105排2列4层/ [索取号:X703/Z313] | 在馆 | |
| 2 | 227199 | 202271996 | 自科二线504/504自科库 41排4列1层/ [索取号:X703/Z313] | 在馆 | |
| 3 | 227200 | 202272003 | 自科二线504/201建筑库 93排1列1层/ [索取号:X703/Z313] | 在馆 |